Most Visited U.S. Cities by South American Tourists - Statistics

General Stats
  • This quiz has been taken 65 times
  • The average score is 11 of 12
Answer Stats
Share % Answer % Correct
5.57 Los Angeles
100%
21.68 New York
100%
37.76 Miami
98%
3.07 San Francisco
96%
2.31 Houston
94%
32.05 Orlando
94%
3.47 Washington, D.C.
92%
2.81 Tampa
91%
2.49 Boston
87%
2.52 Chicago
85%
3.96 Las Vegas
77%
4.82 Fort Lauderdale
38%
No matching quizzes found
Score Distribution
Percent of People with Each Score
Percentile by Number Answered
Your Score History
You have not taken this quiz